| 000 | 00676nam a2200253Ia 4500 | ||
|---|---|---|---|
| 003 | OSt | ||
| 005 | 20220924122506.0 | ||
| 006 | a|||||r|||| 00| 0 | ||
| 007 | ta | ||
| 008 | 220923b |||||||| |||| 00| 0 per d | ||
| 024 | _a44801 | ||
| 037 | _cTextual | ||
| 040 |
_aARTS _cARTS _bper |
||
| 041 |
_2per _aper |
||
| 082 | _aO164,8x, 111L7 | ||
| 100 |
_aIdries Shah _950944 |
||
| 245 | 0 | _aPleasantries of the incredible Mulla Nasrudin | |
| 250 | _a2nd | ||
| 260 |
_aLondon _bOctagon Press _c1977 |
||
| 300 |
_a218p. _ccm. |
||
| 650 |
_aPERSIAN LITERATURE _9309 |
||
| 942 |
_hO164,8x, 111L7 _cTEXL _2CC |
||
| 999 |
_c411842 _d411842 |
||